Statistics for AP World History #2

Click here to take the quiz!

General Stats

  • This quiz has been taken 204 times
  • The average score is 5 of 10

Answer Stats

HintAnswer% Correct
What was the major drug that China was against importing? (Hint: Long cigarette-like)Opium
87%
Who was the primary imperial empire in the late 1800s? (Hint: London)Britain
69%
During this time period, European imperialists claimed parts of Africa as their colonies and got economic benefits. What was this major period called? (Hint: Scramble)The Scramble For Africa
68%
What major rebellion in China rebelled against the new European ideas replacing the old Confucian ideas of China? (Hint: Cardboard box)Boxer Rebellion
60%
What was the country home to Sepoys? (Hint: Buddhist China)India
55%
Who were the peasants that worked on farms owned by aristocrats in Russia? (Hint: Gliding on the beach)Serfs
52%
What war was fought between Russia and Japan? (Hint: Powerful Japan)Russo-Japanese War
43%
Reforms that shaped the Ottoman Empire during its imperialist period (Hint: Tanzania)Tanzimat
28%
Turkish Nationalists who lacked Islam and led the Armenian Genocide (Hint: Joven)Young Turks
28%
Who declared to be the brother of Jesus? (Hint: The Taiping Rebellion)Hong Xiuquan
9%

Score Distribution

Percentile by Number Answered

Percent of People with Each Score

Your Score History

You have not taken this quiz